000 00963naa a22003137a 4500
001 BR8202514
003 BR-BrBNA
005 20250721143158.0
007 ta
008 250630b bl.|||m| |||| 00| 0 por d
040 _aBR-BrBNA
_bpor
_cBiblioteca Nacional de Agricultura
041 _a(Pt)
072 _aH60
_b0120
_b3876
_bG514
090 _aH60 BR8202514
100 1 _aAlmeida, F.S.
100 1 _aRodrigues, B.N.
100 1 _aOliveira, V.F.
245 1 _aControle de ervas [herbicida, milho, Parana, Brasil]
500 _aO milho no Parana Londrina, PR (Brasil): 1982. p. 109-140 [18 illus.; 19 ref.] (BR8202514-AMS)
650 _aERVA DANINHA
650 _aCONTROLE QUIMICO
650 _aMILHO
650 _aHERBICIDA
650 _aCONTROLE MECANICO
650 _aPARANA
490 _aCircular - Fundacao Instituto Agronomico do Parana (Brazil)
_vno. 29
_xISSN 0100-3356
942 _cAMS
_2AGRIS
909 _a202506
_bLúcia
_c55
_dLúcia Elande
999 _c334139
_d334139